书目信息 |
| 题名: |
营销渠道管理
|
|
| 作者: | 伯特·罗森布罗姆 ;奚俊芳 , 李乃和 译 | |
| 分册: | ||
| 出版信息: | 北京 机械工业出版社 2002 |
|
| 页数: | 557 | |
| 开本: | 27cm | |
| 丛书名: | 营销教材译丛 | |
| 单 册: | ||
| 中图分类: | F713.1 | |
| 科图分类: | ||
| 主题词: | 商业经济--国内 | |
| 电子资源: | ||
| ISBN: | 7- 111-10927-9 | |
| 000 | 00799nam0 2200229 450 | |
| 001 | 0760515518 | |
| 005 | 20070817164835.51 | |
| 010 | @a7- 111-10927-9@d¥55.00 | |
| 100 | @a20070817d km y0chiy0120 ea | |
| 101 | 0 | @achi |
| 200 | 1 | @a营销渠道管理@Aying xiao qu dao guan li@f(美)伯特.罗森布罗姆(Bert Rosenbloom)@F(mei)bo te.luo sen bu luo mu(Bert Rosenbloom)@g李乃和,奚俊芳等译@Gli nai he,xi jun fang deng yi |
| 210 | @a北京@c机械工业出版社@d2002 | |
| 215 | @a557@d27cm | |
| 225 | 2 | @a营销教材译丛 |
| 410 | 0 | @12001 @a营销教材译丛 |
| 606 | 0 | @a商业经济@x国内 |
| 690 | @aF713.1@v3 | |
| 701 | 0 | @a伯特·罗森布罗姆@Abo te·luo sen bu luo mu@bBertRosenbloom |
| 702 | 0 | @a奚俊芳@Axi jun fang@4译 |
| 702 | 0 | @a李乃和@Ali nai he@4译 |
| 801 | 0 | @aCN@bPFT@c20070817 |
| 905 | @a213230@dF713.1@eg16@f1 | |
| 营销渠道管理/(美)伯特.罗森布罗姆(Bert Rosenbloom)/李乃和,奚俊芳等译.-北京:机械工业出版社,2002 |
| 557;27cm.-(营销教材译丛) |
| ISBN 7- 111-10927-9:¥55.00 |
| ● |
| 相关链接 |
|
|
|
|
正题名:营销渠道管理
索取号:F713.1/g16
 
预约/预借
| 序号 | 登录号 | 条形码 | 馆藏地/架位号 | 状态 | 备注 |
| 1 | 6502261 | 265022619 | 密集书库-海洋学院/ [索取号:F713.1/g16] | 在馆 | |
| 2 | 6502262 | 265022628 | 密集书库-海洋学院/ [索取号:F713.1/g16] | 在馆 |